000 00576nam a22002057a 4500
999 _c6360
_d6360
003 OSt
005 20191025144315.0
008 191025b ||||| |||| 00| 0 eng d
020 _a0397510918
040 _cDNLM
082 _aQU4 C358l 1994
100 _aChampe, Pamela C.; Harvey, Richard A.
_912999
245 _a Lippincott's Illustrated review:Biochemistry
250 _a2nd ed.
260 _aPhiladelphia;
_bJ.B. Lippincott,
_c1994
300 _axvi,443p;
_bIll:
_c28cm
504 _aIndex, & references included
650 _aBiochemistry
_9443
942 _2z
_cB_BANK